<?xml version="1.0" encoding="UTF-8"?>
<record
    xmlns:xsi="http://www.w3.org/2001/XMLSchema-instance"
    xsi:schemaLocation="http://www.loc.gov/MARC21/slim http://www.loc.gov/standards/marcxml/schema/MARC21slim.xsd"
    xmlns="http://www.loc.gov/MARC21/slim">

  <leader>01692nam a22002057a 4500</leader>
  <controlfield tag="005">20260129152640.0</controlfield>
  <controlfield tag="008">220921b           ||||| |||| 00| 0 eng d</controlfield>
  <datafield tag="020" ind1=" " ind2=" ">
    <subfield code="a">9780143448358</subfield>
  </datafield>
  <datafield tag="040" ind1=" " ind2=" ">
    <subfield code="c">AL</subfield>
  </datafield>
  <datafield tag="041" ind1=" " ind2=" ">
    <subfield code="a">English</subfield>
  </datafield>
  <datafield tag="082" ind1=" " ind2=" ">
    <subfield code="2">23</subfield>
    <subfield code="a">820.33</subfield>
    <subfield code="b">DATW</subfield>
  </datafield>
  <datafield tag="100" ind1=" " ind2=" ">
    <subfield code="a">Durjoy Datta</subfield>
    <subfield code="9">253187</subfield>
  </datafield>
  <datafield tag="245" ind1=" " ind2=" ">
    <subfield code="a">When I am with you</subfield>
  </datafield>
  <datafield tag="260" ind1=" " ind2=" ">
    <subfield code="a">USA</subfield>
    <subfield code="b">Penguin Random House India Pvt.Ltd</subfield>
    <subfield code="c">2022</subfield>
  </datafield>
  <datafield tag="300" ind1=" " ind2=" ">
    <subfield code="a">321 p.</subfield>
    <subfield code="b">PB</subfield>
    <subfield code="c">19x13 cm.</subfield>
  </datafield>
  <datafield tag="365" ind1=" " ind2=" ">
    <subfield code="a">4157</subfield>
    <subfield code="b">&#x20B9;159.00</subfield>
    <subfield code="c">&#x20B9;</subfield>
    <subfield code="d">&#x20B9;199.00</subfield>
    <subfield code="e">20%</subfield>
    <subfield code="f">10-09-2022</subfield>
  </datafield>
  <datafield tag="520" ind1=" " ind2=" ">
    <subfield code="a">When I Am with You
Durjoy Datta
You can plan everything, but you can&#x2019;t plan with whom and when you&#x2019;ll fall in love, isn&#x2019;t it?
Aishwarya, at twenty-eight years, would rather be a single mother than trust the &#x2018;normal&#x2019; family structure. In her new start-up, she wants to revolutionize childcare for young woman professionals-this is her ultimate goal. Plus, she&#x2019;s in a hurry to do it all. On her mind is the ambitious and good-looking Akshay, perfect genetic material, but he&#x2019;s not ready to be part of her plans. Yet.
In comes Dhiren, who has made and lost his money in cryptocurrency. He takes up the first floor of Aishwarya&#x2019;s nursery building and, by a queer coincidence, begins to work for her. Her friends Smriti and Vinny, as protective as mother hens, warn her against Dhiren. There is something that he&#x2019;s hiding along with his friend Neeraj-they just don&#x2019;t know what.
Things begin to take shape but really, it&#x2019;s just the beginning of a disaster. The only thing that can save them is what they don&#x2019;t want-love.
Crazy, quirky and so utterly romantic, this book is the ultimate relationship roller coaster!</subfield>
  </datafield>
  <datafield tag="650" ind1=" " ind2=" ">
    <subfield code="a">Fiction</subfield>
    <subfield code="9">58155</subfield>
  </datafield>
  <datafield tag="942" ind1=" " ind2=" ">
    <subfield code="2">ddc</subfield>
    <subfield code="c">BK</subfield>
  </datafield>
  <datafield tag="999" ind1=" " ind2=" ">
    <subfield code="c">224635</subfield>
    <subfield code="d">224635</subfield>
  </datafield>
  <datafield tag="952" ind1=" " ind2=" ">
    <subfield code="0">0</subfield>
    <subfield code="1">0</subfield>
    <subfield code="2">ddc</subfield>
    <subfield code="4">0</subfield>
    <subfield code="7">0</subfield>
    <subfield code="8">GEN</subfield>
    <subfield code="a">AL</subfield>
    <subfield code="b">AL</subfield>
    <subfield code="d">2022-09-19</subfield>
    <subfield code="e">Biblios Book Point, Surathkal, Mangalore575014</subfield>
    <subfield code="g">159.00</subfield>
    <subfield code="l">34</subfield>
    <subfield code="m">6</subfield>
    <subfield code="o">820.33 DATW</subfield>
    <subfield code="p">076080</subfield>
    <subfield code="r">2026-04-06 09:57:00</subfield>
    <subfield code="s">2026-03-28</subfield>
    <subfield code="v">199.00</subfield>
    <subfield code="w">2022-09-21</subfield>
    <subfield code="y">BK</subfield>
  </datafield>
</record>
